Paramore Song Titles - Statistics

General Stats
  • This quiz has been taken 1,548 times
    1,251 since last reset
  • The average score is 32 of 67
Answer Stats
Answers % Correct
Misery Business
90%
Decode
77%
Brick By Boring Brick
76%
Ignorance
76%
Still Into You
75%
Ain't It Fun
74%
All We Know
74%
Crushcrushcrush
73%
The Only Exception
73%
Emergency
71%
That's What You Get
71%
Pressure
70%
Playing God
68%
Fences
66%
Monster
64%
Careful
61%
My Heart
61%
Now
61%
All I Wanted
60%
For A Pessimist I'm Pretty Optimistic
59%
Let the Flames Begin
59%
Fast in My Car
58%
Hallelujah
58%
Franklin
57%
Misguided Ghosts
57%
Conspiracy
55%
When it Rains
55%
Part II
52%
Born For This
51%
Future
51%
Anklebiters
50%
Brighter
50%
Last Hope
49%
Hate To See Your Heart Break
48%
Turn it Off
48%
Grow Up
47%
(One Of Those) Crazy Girls
46%
Where the Lines Overlap
46%
Daydreaming
45%
Feeling Sorry
45%
Looking Up
45%
Miracle
45%
We Are Broken
45%
Interlude: I'm Not Angry Anymore
44%
Interlude: Holiday
43%
Renegade
43%
In the Mourning
42%
Whoa
42%
Proof
41%
Here We Go Again
40%
Hello Cold World
38%
Interlude: Moving On
38%
Be Alone
35%
Native Tongue
30%
Decoy
28%
Escape Route
28%
Stop This Song (Lovesick Melody)
26%
Let This Go
22%
Rewind
15%
Hello Hello
10%
Adore
9%
Another Day
8%
Breathe
8%
Temporary
8%
Just Like Me
4%
Stay Away
3%
My Number One
2%
No matching quizzes found
Score Distribution
Percent of People with Each Score
Percentile by Number Answered
Your Score History
You have not taken this quiz since the last reset